ბათუმის შოთა რუსთაველის სახელმწიფო უნივერსიტეტის ბიბლიოთეკა

შიდაენობრივი და სემიოტიკათშორისი თარგმანები უილიამ შექსპირის კომედიების მიხედვით / (ბიბ.ჩანაწერი № 52137)

000 -ლიდერი
ფიქსირებული სიგრძის საკონტროლო ველი 01853nam a2200253Ia 4500
001 - საკონტროლო ნომერი
საკონტროლო ველი 19144
003 - საკონტროლო ნომრის იდენტიფიკატორი
საკონტროლო ველი GE_BSU
005 - ბოლო ოპერაციის თარიღი და დრო
საკონტროლო ველი 20210406125342.0
008 - ფიქსირებული სიგრძის მონაცემთა ელემენტები - ზოგადი ინფორმაცია
ფიქსირებული სიგრძის საკონტროლო ველი 181216s2016||||ge |||||||||||||| ||geo||
040 ## - კატალოგიზაციის წყარო
Transcribing agency GE_BSU
041 ## - ენის კოდი
Language code of text/sound track or separate title geo
080 ## - უნივერსალური ათობითი კლასიფიკაციის ინდექსი
Universal Decimal Classification number 81 უ-89
100 ## - მთავარი ჩანაწერი - პიროვნების სახელი
Personal name ფარტენაძე, ნინო
9 (RLIN) 11099
245 ## - ცნობა სათაურის შესახებ
Title შიდაენობრივი და სემიოტიკათშორისი თარგმანები უილიამ შექსპირის კომედიების მიხედვით /
Statement of responsibility, etc ნინო ფარტენაძე; სამეცნიერო ხელმძღვანელი ქეთევან სვანიძე; ბსუ. ჰუმანიტარულ მეცნიერებათა ფაკულტეტი. სალავისტიკის დაპარტამენტი.
264 ## - წარმოების, გამოცემის, დისტრიბუციის და სხვა ცნობები
გამოცემის, წარმოების, დისტრიბუციის... ადგილი ბათუმი :
გამოცემის, წარმოების, დისტრიბუციის... სახელწოდება ბათუმის შოთა რუსთაველის სახ. უნ-ტი,
გამოცემის, წარმოების, დისტრიბუციის... თარიღი 2016.
300 ## - ფიზიკური აღწერა
Extent 146 გვ.
Other physical details 30 სმ.
504 ## - BIBLIOGRAPHY, ETC. NOTE
Bibliography, etc ბიბლიოგრ. გვ. 137-141
653 ## - INDEX TERM--UNCONTROLLED
Uncontrolled term დისერტაცია
653 ## - INDEX TERM--UNCONTROLLED
Uncontrolled term ენათმეცნიერება
653 ## - INDEX TERM--UNCONTROLLED
Uncontrolled term შიდაენობრივი და სემიოტიკათშორისი თარგმანები უილიამ შექსპირის კომედიების მიხედვით.
700 ## - ADDED ENTRY--PERSONAL NAME
Personal name სვანიძე, ქეთევან
Relator term სამეცნიერო ხელმძღვანელი
9 (RLIN) 11100
710 ## - ADDED ENTRY--CORPORATE NAME
Corporate name or jurisdiction name as entry element ბსუ.
Subordinate unit ჰუმანიტარულ მეცნიერებათა ფაკულტეტი. სალავისტიკის დაპარტამენტი
9 (RLIN) 11101
942 ## - ADDED ENTRY ELEMENTS (KOHA)
Koha item type წიგნი
Source of classification or shelving scheme
ეგზემპლარები
ჩამოწერის სტატუსი დაკარგული ეგზემპლარის სტატუსი კლასიფიკაციის წყარო ან თაროზე გაწყობის სქემა დაზიანების სტატუსი არ გაიცემა მუდმივი მდებარეობა (დაცვის ადგილი) ამჟამინდელი ადგილსამყოფელი თაროზე განთავსების ადგილი შეძენის თარიღი სრული შენახვის შიფრი შტრიხკოდი ბოლო ოპერაციის თარიღი ეგზემპლარის მიმდევრობითი ნომერი (კეტერი?) ფასის ძალაში შესვლის თარიღი ეგზემპლარის სახეობა საჯარო შენიშვნა
          ბათუმის შოთა რუსთაველის სახელმწიფო უნივერსიტეტის მთავარი ბიბლიოთეკა ბათუმის შოთა რუსთაველის სახელმწიფო უნივერსიტეტის მთავარი ბიბლიოთეკა წიგნსაცავი 2018-12-17 81 უ-89 245 დისერტ. 2018-12-17 245 2018-12-17 დისერტაცია